000 00950nam a22002777a 4500
001 4524
003 FISKH
005 20250725105052.0
008 240913b cb ||||| |||| 00| 0 eng d
020 _a9780590980685
040 _aFISKH
_beng
_cFISKH
_dFISKH
050 _aPZ7.C4199
082 _a813.54
100 _aCherry, Lynne
_eauthor
245 _aThe great Kapok tree :
_bA tale of the Amazon rain forest /
_cby Lynne Cherry
260 _aNew York :
_bScholastic ;
_c1990.
300 _a36 unnumbered pages :
_bcolor illustrations : maps ;
_c29 cm .
490 _aReading Rainbow Book
505 _aK
520 _aThe many different animals that live in a great kapok tree in the Brazilian rainforest try to convince a man with an ax of the importance of not cutting down their home.
521 8 _a510
_bLexile
521 8 _aK
_bRaz-Plus
650 _aenvironment
_vfiction
942 _2ddc
_cBK
_n0
999 _c4524
_d4524